Statistiques concernant BIA - Les axes d’inertie

Cliquez ici pour prendre le quiz!

Statistiques générales

  • Ce quiz a été pris 60 fois
  • Le résultat moyen est 5 sur 6

Statistiques - réponses

HintRéponse% Correct
AlLacet
89%
AlRoulis
82%
AlTangage
80%
GProfondeur
77%
GDirection
70%
GAilerons
61%

Distribution des résultats

Percentile par nombre de réponses

% des personnes avec chaque résultat

Votre développement - résultats

Vous n’avez pas pris ce quiz